000 00867nam a2200229Ii 4500
003 JO-AjNU
008 230605s9999||||xx |||||||||||||| ||und||
017 _a1971/4397
040 _aJO-AjNU
_bara
_erda
_cJO-AjNU
041 _aara
050 1 4 _aB741.S4.1971
100 3 _aSharif,M.M ،شلبي،أحمد/ترجمة وتقديم وتعليق ,
_eauthor
_913902
245 0 0 _aالفكر الإسلامي منابعه وآثاره 1= Muslim Thought its Origtn and Achievements
250 _aط3
264 3 1 _aالقاهرة:مكتبة النهضة المصرية ، 1971
300 _aج1، 142ص
336 _atext
_btxt
_2rdacontent
337 _aunmediated
_bn
_2rdamedia
338 _avolume
_bnc
_2rdacarrier
490 0 _aدراسات في الحضارة الاسلامية
650 4 _aالاسلام-حياة فكرية-فلسفة اسلامية
_913903
999 _aA3580
_c7148
_d7148